Responses for show #4318 - Wednesday, May 14, 2003

2003 Tournament of Champions semifinal game 3.

Contestants

Eric Floyd, a college student from Calhoun, Georgia

Travis Troyer, a software engineer from Hereford, Maryland

Trevor Norris, a management analyst from Washington, D.C.

Jeopardy! Round responses

LITERARY FIRST LINES
(Alex: You have to identify the work.)
GIRLS WITH GUITARS
FRUITS & VEGETABLES
PARIS SITES
TAKE MY "Y", PLEASE!
WHAT IS IT?
(Alex: Simple category... We'll name a thing, you tell us what it is, what kind of thing it is.)
    $200 13
Animal Farm

Travis
    $200 8
Sheryl Crow

Travis
    $200 14
the tomato

Travis
    $200 21
the Sorbonne

Trevor
    $200 6
a yo-yo

Trevor
    $200 1
a fire truck

Trevor
    $400 17
Pride and Prejudice

Triple Stumper
    $400 9
Joni Mitchell

Travis
    $400 15
the grapefruit

Travis
    $400 22
the Champs-Élysées

Eric
    $400 7
a yoke

Travis
    $400 2
a computer

Trevor
    $600 18
The Stranger (L'Étranger)

Eric
    $600 10
Jewel

Trevor
    $600 16
spinach

Eric
    $600 23
Arc de Triomphe

Travis
    $600 24
Yoo-hoo

Trevor
    $600 3
an airplane

Triple Stumper
    $800 19
A Room with a View

Eric
    $800 11
Michelle Branch

Trevor
    $800 29
(Eric: What is a pear?)

apples

Eric
Triple Stumper
    $800 26
Napoleon's Tomb

Trevor
    $800 25
yodel

Eric
    $800 4
a bridge

Travis
    $1000 20
(Eric: What is Ulysses?)

Portrait of the Artist as a Young Man

Eric
Triple Stumper
    $1000 12
Bonnie Raitt

Eric
    $1000 30
jicama

Triple Stumper
    $1000 27
[Eric rings in just as the time expiry signal sounds.]
(Eric: What is the [stumbling] Île de Cité, the Isle of City?)
(Alex: [After a pause] That's right. Go again. [*], properly.)

Île de la Cité

Eric
    $1000 28
Yenta

Triple Stumper
    $1000 5
baskets

Triple Stumper

Scores at the first commercial break (after clue 15):

Trevor Travis Eric
$2,200 $2,600 $1,000

Scores at the end of the Jeopardy! Round:

Trevor Travis Eric
$3,800 $3,200 $3,400

Double Jeopardy! Round responses

CLASSICAL COMPOSERS
MODELING
DOWN TO EARTH
NEW YORK IN THE MOVIES
HISTORIC BATTLES
5-SYLLABLE WORDS
    $400 16
Pyotr Tchaikovsky

Trevor
    $400 26
super

Trevor
    $400 18
Australia

Eric
    $400 11
Home Alone

Travis
    $400 6
(Travis: What is St. Petersburg?)
(Trevor: What is Moscow?)

Stalingrad

TrevorTravis
Triple Stumper
    $400 1
microwaveable

Trevor
    $800 17
"The Four Seasons"

Travis
    $800 27
runway

Trevor
    $800 22
pressure

Eric
    $800 12
King Kong

Travis
    $800 7
Khartoum

Eric
    $800 2
renegotiate

Trevor
    $1200 19
Ruggero Leoncavallo

Triple Stumper
    $1200 28
hand modeling

Trevor
    $1200 23
glacier

Trevor
    $1200 13
Midnight Cowboy

Trevor
    $1200 8
Agincourt

Eric
    $1200 3
(Travis: What is a teetotaler?)

a prohibitionist

TrevorTravis
    $2,000 20
Franz Liszt

Eric
    $1600 29
John Casablancas

Triple Stumper
    $1600 24
clouds (luminous)

Travis
    $2,000 14
(Trevor: What is "Goodfellas?")

Manhattan

Trevor
    $1600 9
(Trevor: What is Iwo Jima?)

Guadalcanal

TrevorEric
    $1600 4
gentrification

Trevor
    $2000 21
Gustav Mahler

Eric
    $2000 30
(Alex: Trevor, what you did not notice in that photo was that Tyson Beckford's face was superimposed on my body, but that's another story; we didn't want to pay royalties!)

Tyson Beckford

Trevor
    $2000 25
(Eric: What is the mantle?)

core

Eric
Triple Stumper
    $2000 15
The Bandwagon

Triple Stumper
    $2000 10
Chickamauga

Trevor
    $2000 5
encephalitis

Trevor

Scores at the end of the Double Jeopardy! Round:

Trevor Travis Eric
$15,000 $5,200 $10,200

[wagering suggestions for these scores]

Final Jeopardy! Round responses

WORLD GEOGRAPHY
TravisWhat is Macau?
$5,100
EricWhat is Macau
$10,100
TrevorWhat is Hong Kong
$5,401
Macau

Final scores:

Trevor Travis Eric
$9,599 $10,300 $20,300
3rd place: $10,000 2nd place: $10,000 Finalist

Game dynamics:

Coryat scores:

Trevor Travis Eric
$17,000 $5,200 $9,800
21 R,
3 W
(including 1 DD)
12 R,
2 W
14 R
(including 2 DDs),
3 W

Combined Coryat: $32,000

The J! Archive is created by fans, for fans. The Jeopardy! game show and all elements thereof, including but not limited to copyright and trademark thereto, are the property of Jeopardy Productions, Inc. and are protected under law. This website is not affiliated with, sponsored by, or operated by Jeopardy Productions, Inc. Join the discussion at JBoard.tv.